<?xml version="1.0" encoding="UTF-8"?>
<record
    xmlns:xsi="http://www.w3.org/2001/XMLSchema-instance"
    xsi:schemaLocation="http://www.loc.gov/MARC21/slim http://www.loc.gov/standards/marcxml/schema/MARC21slim.xsd"
    xmlns="http://www.loc.gov/MARC21/slim">

  <leader>03590nam a2200529uu 4500</leader>
  <controlfield tag="001">1100541</controlfield>
  <controlfield tag="005">20260507083903.0</controlfield>
  <controlfield tag="008">080829s2002                        spa  </controlfield>
  <datafield tag="020" ind1=" " ind2=" ">
    <subfield code="a">8478272682</subfield>
  </datafield>
  <datafield tag="035" ind1=" " ind2=" ">
    <subfield code="a">1100541</subfield>
  </datafield>
  <datafield tag="035" ind1=" " ind2=" ">
    <subfield code="a">(OCoLC)777271676</subfield>
  </datafield>
  <datafield tag="040" ind1=" " ind2=" ">
    <subfield code="c">comduadb</subfield>
  </datafield>
  <datafield tag="041" ind1=" " ind2=" ">
    <subfield code="a">spa</subfield>
  </datafield>
  <datafield tag="080" ind1=" " ind2=" ">
    <subfield code="a">LA</subfield>
  </datafield>
  <datafield tag="082" ind1=" " ind2="4">
    <subfield code="a">370</subfield>
  </datafield>
  <datafield tag="100" ind1="1" ind2="0">
    <subfield code="a">Gonz&#xE1;lez Rodr&#xED;guez, Ana</subfield>
    <subfield code="4">edt</subfield>
    <subfield code="e">edt</subfield>
    <subfield code="9">461812</subfield>
  </datafield>
  <datafield tag="245" ind1="1" ind2="0">
    <subfield code="a">Mujer y educaci&#xF3;n : educar para la igualdad, educar desde la diferencia</subfield>
  </datafield>
  <datafield tag="250" ind1=" " ind2=" ">
    <subfield code="a">1. ed.</subfield>
  </datafield>
  <datafield tag="260" ind1=" " ind2=" ">
    <subfield code="a">Barcelona :</subfield>
    <subfield code="b">GRA&#xD3;,</subfield>
    <subfield code="c">2002.</subfield>
  </datafield>
  <datafield tag="300" ind1=" " ind2=" ">
    <subfield code="a">232 p&#xE1;ginas :</subfield>
    <subfield code="b">ilustraciones</subfield>
  </datafield>
  <datafield tag="490" ind1="0" ind2=" ">
    <subfield code="a">Teor&#xED;a y Sociolog&#xED;a de la Educaci&#xF3;n ;</subfield>
    <subfield code="v">166</subfield>
  </datafield>
  <datafield tag="520" ind1="3" ind2=" ">
    <subfield code="a">En los &#xFA;ltimos tiempos las luchas a favor de los derechos de la mujer han abierto el horizonte de expectativas de las ni&#xF1;as, de las adolescentes y de las mujeres en este cambio de siglo y de milenio. En el &#xE1;mbito de la educaci&#xF3;n esas luchas se traducen en el af&#xE1;n por la igualdad de deberes y derechos de los chicos y las chicas desde la idea de que unos y otras tienen derecho a ser diferentes sin que de ello se derive menosprecio, discriminaci&#xF3;n u opresi&#xF3;n. De ah&#xED; que educar para la igualdad educando desde la diferencia se convierta en un deseo que otorga sentido tanto a las p&#xE1;ginas de este libro como a la labor de tantas y tantas personas que dentro y fuera del &#xE1;mbito escolar trabajan a favor de un mundo en el que unas y otros seamos capaces de convivir en libertad, en equidad y en justicia.
Este libro re&#xFA;ne a personas de diversos or&#xED;genes y trayectorias que coinciden en ese af&#xE1;n de ir construyendo una educaci&#xF3;n y un mundo en el que las diferencias sexuales y socioculturales no sean antesala de la opresi&#xF3;n y de la discriminaci&#xF3;n de las personas. En el primer apartado ("Las mujeres en los escenarios del saber y del poder") se indaga sobre la ocultaci&#xF3;n y el menosprecio de las mujeres en la historia, en la antropolog&#xED;a, en la filosof&#xED;a y en la ciencia. En el segundo apartado ("Las mujeres en los escenarios del discurso") se analiza el papel que desempe&#xF1;a el lenguaje verbal y los mensajes de la cultura de masas en la construcci&#xF3;n de las identidades sexuales y socioculturales de las personas. En el tercer y &#xFA;ltimo apartado ("Las mujeres en los escenarios escolares") se analiza como se transmite y manifiesta el sexismo en el &#xE1;mbito escolar y se eval&#xFA;a el pasado y el presente de la escuela coeducativa.</subfield>
  </datafield>
  <datafield tag="650" ind1=" " ind2="7">
    <subfield code="a">Mujeres en la educaci&#xF3;n</subfield>
    <subfield code="2">embne</subfield>
    <subfield code="9">176091</subfield>
  </datafield>
  <datafield tag="650" ind1=" " ind2=" ">
    <subfield code="a">Mujeres en la historia</subfield>
    <subfield code="9">43730</subfield>
  </datafield>
  <datafield tag="650" ind1=" " ind2="7">
    <subfield code="a">Educaci&#xF3;n de la mujer</subfield>
    <subfield code="2">lemb</subfield>
    <subfield code="9">1744</subfield>
  </datafield>
  <datafield tag="650" ind1=" " ind2=" ">
    <subfield code="a">Mujeres y filosof&#xED;a</subfield>
    <subfield code="9">41958</subfield>
  </datafield>
  <datafield tag="650" ind1=" " ind2=" ">
    <subfield code="a">Mujeres y poder</subfield>
    <subfield code="9">137</subfield>
  </datafield>
  <datafield tag="650" ind1=" " ind2=" ">
    <subfield code="a">Mujeres y lenguaje</subfield>
    <subfield code="9">31792</subfield>
  </datafield>
  <datafield tag="650" ind1=" " ind2="7">
    <subfield code="a">Mujeres en el arte</subfield>
    <subfield code="2">lemb</subfield>
    <subfield code="9">44300</subfield>
  </datafield>
  <datafield tag="650" ind1=" " ind2="7">
    <subfield code="a">Mujeres en el cine</subfield>
    <subfield code="2">lemb</subfield>
    <subfield code="9">25453</subfield>
  </datafield>
  <datafield tag="650" ind1=" " ind2=" ">
    <subfield code="a">Mujeres y ciencia</subfield>
    <subfield code="9">170637</subfield>
  </datafield>
  <datafield tag="650" ind1=" " ind2=" ">
    <subfield code="a">Mujeres y trabajo</subfield>
    <subfield code="9">60532</subfield>
  </datafield>
  <datafield tag="650" ind1=" " ind2=" ">
    <subfield code="a">Rol de la mujer</subfield>
    <subfield code="9">28564</subfield>
  </datafield>
  <datafield tag="700" ind1="1" ind2="0">
    <subfield code="a">Lomas Garc&#xED;a, Carlos</subfield>
    <subfield code="4">edt</subfield>
    <subfield code="e">edt</subfield>
    <subfield code="9">312256</subfield>
  </datafield>
  <datafield tag="700" ind1="1" ind2="0">
    <subfield code="a">Agirre Saez, Ana</subfield>
    <subfield code="4">aut</subfield>
    <subfield code="e">aut</subfield>
    <subfield code="9">554680</subfield>
  </datafield>
  <datafield tag="700" ind1="1" ind2="0">
    <subfield code="a">Brullet, Cristina</subfield>
    <subfield code="4">aut</subfield>
    <subfield code="e">aut</subfield>
    <subfield code="9">559768</subfield>
  </datafield>
  <datafield tag="700" ind1="1" ind2="0">
    <subfield code="a">Gago, Francisco</subfield>
    <subfield code="4">aut</subfield>
    <subfield code="e">aut</subfield>
    <subfield code="9">468791</subfield>
  </datafield>
  <datafield tag="700" ind1="1" ind2="0">
    <subfield code="a">Solsona Pairo, Nuria</subfield>
    <subfield code="4">aut</subfield>
    <subfield code="e">aut</subfield>
    <subfield code="9">393461</subfield>
  </datafield>
  <datafield tag="700" ind1="1" ind2="0">
    <subfield code="a">Subirats, Marina</subfield>
    <subfield code="4">aut</subfield>
    <subfield code="e">aut</subfield>
    <subfield code="9">546485</subfield>
  </datafield>
  <datafield tag="700" ind1="1" ind2="0">
    <subfield code="a">Tome, Amparo</subfield>
    <subfield code="4">aut</subfield>
    <subfield code="e">aut</subfield>
    <subfield code="9">559769</subfield>
  </datafield>
  <datafield tag="700" ind1="1" ind2="0">
    <subfield code="a">Tus&#xF3;n Valls, Amparo</subfield>
    <subfield code="4">aut</subfield>
    <subfield code="e">aut</subfield>
    <subfield code="9">305770</subfield>
  </datafield>
  <datafield tag="700" ind1="1" ind2="0">
    <subfield code="a">Vega Diaz, Consuelo</subfield>
    <subfield code="4">aut</subfield>
    <subfield code="e">aut</subfield>
    <subfield code="9">464264</subfield>
  </datafield>
  <datafield tag="700" ind1="1" ind2="0">
    <subfield code="a">Alario Trigueros, Teresa</subfield>
    <subfield code="4">aut</subfield>
    <subfield code="e">aut</subfield>
    <subfield code="9">468340</subfield>
  </datafield>
  <datafield tag="700" ind1="1" ind2="0">
    <subfield code="a">Carranza Aguilar, Maria Eugenia</subfield>
    <subfield code="4">aut</subfield>
    <subfield code="e">aut</subfield>
    <subfield code="9">468341</subfield>
  </datafield>
  <datafield tag="700" ind1="1" ind2="0">
    <subfield code="a">Torres San Miguel, Laura</subfield>
    <subfield code="4">aut</subfield>
    <subfield code="e">aut</subfield>
    <subfield code="9">468931</subfield>
  </datafield>
  <datafield tag="942" ind1=" " ind2=" ">
    <subfield code="c">BOOK</subfield>
  </datafield>
  <datafield tag="999" ind1=" " ind2=" ">
    <subfield code="c">466703</subfield>
    <subfield code="d">466703</subfield>
  </datafield>
  <datafield tag="952" ind1=" " ind2=" ">
    <subfield code="0">0</subfield>
    <subfield code="1">0</subfield>
    <subfield code="4">0</subfield>
    <subfield code="7">0</subfield>
    <subfield code="8">GENERAL</subfield>
    <subfield code="a">CEDED</subfield>
    <subfield code="b">CEDED</subfield>
    <subfield code="d">2010-06-09</subfield>
    <subfield code="i">C1088925</subfield>
    <subfield code="l">0</subfield>
    <subfield code="o">LA/0198</subfield>
    <subfield code="p">0597770</subfield>
    <subfield code="r">2023-04-28 00:00:00</subfield>
    <subfield code="t">1</subfield>
    <subfield code="w">2023-04-28</subfield>
    <subfield code="y">BOOK</subfield>
  </datafield>
  <datafield tag="952" ind1=" " ind2=" ">
    <subfield code="0">0</subfield>
    <subfield code="1">0</subfield>
    <subfield code="4">0</subfield>
    <subfield code="7">0</subfield>
    <subfield code="8">GEN</subfield>
    <subfield code="a">BC</subfield>
    <subfield code="b">BC</subfield>
    <subfield code="d">2008-08-29</subfield>
    <subfield code="e">Simsalabim</subfield>
    <subfield code="g">85860.00</subfield>
    <subfield code="i">C1015267</subfield>
    <subfield code="l">1</subfield>
    <subfield code="o">370.82 M953</subfield>
    <subfield code="p">0679435</subfield>
    <subfield code="r">2025-11-26 13:37:13</subfield>
    <subfield code="s">2025-09-01</subfield>
    <subfield code="t">1</subfield>
    <subfield code="w">2023-04-28</subfield>
    <subfield code="y">BOOK</subfield>
  </datafield>
</record>
